000 00979nam a22002057a 4500
999 _c63744
_d63744
003 Ge_BSU
005 20251219160301.0
008 251219s2024 ge ||||| |||| 00| 0 geo d
020 _a9789941118630
041 _ageo
080 _a821.133.1-32 კ-41
100 _aკენო, რემონ
_916314
245 _aსტილისტური სავარჯიშოები :
_b[მოთხრობა] /
_cრემონ კენო; ფრანგულიდან თარგმნა თამარ ლომიძემ.
264 _aთბილისი :
_bდიოგენე,
_c2024.
300 _a126 გვ. ;
_b20 სმ.
490 _aდიოგენეს ბიბლიოთეკა
653 _aფრანგული პროზა -- თარგმანები ქართულ ენაზე
700 _aლომიძე, თამარ
_eმთარგმნელი
_913566
942 _2udc
_cᲬᲘᲒᲜᲘ